| 000 | 01426nam a22003731i 4500 | ||
|---|---|---|---|
| 001 | bslw10055309 | ||
| 005 | 20240305165651.0 | ||
| 006 | m o d | ||
| 007 | cr un ---uuuua | ||
| 008 | 230530s2015 sp ob 000 0 spa d | ||
| 020 | _a9788413810812 | ||
| 035 | _a38424 | ||
| 040 |
_aUtOrBLW _beng _erda _cUtOrBLW |
||
| 041 | 1 |
_aspa _heng |
|
| 050 | 4 |
_aHV6026.S6 _bY6818 2015 |
|
| 082 | 0 | 4 |
_a364 _223 |
| 100 | 1 |
_aYoung, Jock, _eauthor. |
|
| 240 | 1 | 0 |
_aCriminological imagination. _lSpanish |
| 245 | 1 | 3 |
_aLa imaginación criminológica / _cJock Young ; traducción de Andrea Gavela Llopis ; revisión de la traducción de Íñigo Ortiz de Urbina Gimeno. |
| 264 | 1 |
_aMadrid : _bMarcial Pons, _c2015. |
|
| 300 | _a1 online resource (278 pages) | ||
| 336 |
_atext _btxt _2rdacontent |
||
| 337 |
_acomputer _bc _2rdamedia |
||
| 338 |
_aonline resource _bcr _2rdacarrier |
||
| 490 | 1 | _aDerecho penal y criminología | |
| 500 | _aTítulo original: The criminological imagination. Cambridge : Polity Press, 2011. Esta traducción se publica de acuerdo con Polity Press Ltd., Cambridge. | ||
| 504 | _aIncludes bibliographical references. | ||
| 650 | 0 | _aCriminology. | |
| 700 | 1 |
_aGavela Llopis, Andrea, _etranslator. |
|
| 700 | 1 |
_aOrtiz de Urbina Gimeno, Íñigo, _eeditor. |
|
| 830 | 0 | _aDerecho penal y criminología (Marcial Pons (Firm)) | |
| 856 | 4 | 0 | _uhttps://app.vlex.com/#/sources/38424 |
| 942 | _cRAA | ||
| 999 |
_c172772 _d172772 |
||